Role of educational institutions in management training for national development
Guardat en:
| Format: | Llibre |
|---|---|
| Idioma: | Undetermined |
| Publicat: |
Sài Gòn
Management Association of VietNam
1974
|
| Matèries: | |
| Etiquetes: |
Afegir etiqueta
Sense etiquetes, Sigues el primer a etiquetar aquest registre!
|
| Thư viện lưu trữ: | Trung tâm Học liệu Trường Đại học Cần Thơ |
|---|
| LEADER | 00502nam a2200157Ia 4500 | ||
|---|---|---|---|
| 001 | CTU_22083 | ||
| 008 | 210402s9999 xx 000 0 und d | ||
| 082 | |a 658.007 | ||
| 082 | |b M266 | ||
| 245 | 0 | |a Role of educational institutions in management training for national development | |
| 260 | |a Sài Gòn | ||
| 260 | |b Management Association of VietNam | ||
| 260 | |c 1974 | ||
| 650 | |a management - study and teaching | ||
| 904 | |i Minh, 980303 | ||
| 980 | |a Trung tâm Học liệu Trường Đại học Cần Thơ | ||